• 首页
  • 本馆介绍
  • 公告通知
  • 最新文献
  • 馆藏检索
  • 电子资源
  • 读者导购
  • 参考咨询
  • 我的图书馆
  • 登录
  • 详细信息显示
  • 放入我的书架
  • 预约/预借图书
  • 作者相关作品
  • 分类相关作品
  • 丛书相关作品
  • 出版社相关作品

书目信息

  • 表格格式
  • 工作单格式
  • 卡片格式
题名:
微分拓扑讲义
    
 
作者: 张筑生 编著
分册:  
出版信息: 北京   北京大学出版社  1996.10
页数: 265页
开本: 21cm
丛书名:
单 册:
中图分类: O189.3
科图分类:
主题词: 几何 , 拓扑
电子资源:
ISBN: 7-301-03101-7
000 00564nam0 2200205 45
001 0012041089
005 20040524144820.9
010    @a7-301-03101-7@dCNY13.50
100    @a20001204d1996 km y0chiy0120 ea
101 0  @achi
105    @a z 000yy
200 1  @a微分拓扑讲义@AWei Fen Tuo Pu Jiang Yi@f张筑生编著@FZhang Zhu Sheng Bian Zhu
210    @a北京@c北京大学出版社@d1996.10
215    @a265页@d21cm
606 0  @a几何
606 0  @a拓扑
690    @aO189.3@v1
701  0 @a张筑生@4编著
801    @aCN@bPFTUser@c20001204
905    @f2@b274392-393@dO189.3@e22
    
    微分拓扑讲义/张筑生编著.-北京:北京大学出版社,1996.10
    265页;21cm
    
    
    ISBN 7-301-03101-7:CNY13.50
    
●
相关链接 在E读中查询图书 在五车中查询图书 在当当中查询图书 在豆瓣中查询图书


正题名:微分拓扑讲义     索取号:O189.3/22         预约/预借

序号 登录号 条形码 馆藏地/架位号 状态 备注
1 0274392   000399232   第三借阅区/ [索取号:O189.3/22] 在馆    
2 0274393   000399223   第三借阅区/ [索取号:O189.3/22] 在馆    
3 0274394   000399214   第二样本阅览室/ [索取号:O189.3/22] 在馆    
4 0293556   002935569   第三借阅区/ [索取号:O189.3/22] 在馆    
5 0293557   002935578   第三借阅区/ [索取号:O189.3/22] 在馆    
6 0293558   002935587   第三借阅区/ [索取号:O189.3/22] 在馆    
7 0293559   002935596   第三借阅区/ [索取号:O189.3/22] 在馆    
8 0293560   002935603   第三借阅区/ [索取号:O189.3/22] 在馆    
唐山师范学院图书馆 欢迎您!
大连网信软件有限公司© 版权所有